00406nam a2200157Ia 4500008004100000020002200041041000800063082001900071100001600090245005300106250001200159260000900171300002500180365001700205700002600222230718s9999 xx 000 0 und d a978-1-905209-13-2 aeng a621.382'2bBLA aBlanchet G. aDigital Signal And Image Processing Using Matlab arevised bISTE dRef 957 E ME (27264) cRs.b1995.00 aBlanchet G. & Charbit